التاريخ الفكري والسياسي للإعلان العالمي لحقوق الإنسان / (Record no. 30033)
[ view plain ]
| 000 -الفاتح | |
|---|---|
| حقل البيانات ثابتة الطول | 01300nam a22002897i 4500 |
| 003 - محدد رقم الضبط | |
| رقم الضبط | EG-ScBUE |
| 005 - وقت وتاريخ اخر تعامل مع التسجيلة | |
| رقم الضبط | 20221124145756.0 |
| 008 - عناصر البيانات ثابتة الطول - معلومات عامة | |
| حقل البيانات ثابتة الطول | 220731s1996 ua o f b 000 0 ara d |
| 040 ## - مصدر الفهرسة | |
| وكالة الفهرسة الأصلية | EG-ScBUE |
| لغة الفهرسة | ara |
| قواعد الوصف | rda |
| وكالة النسخ | EG-ScBUE |
| وكالة التعديل | EG-ScBUE |
| 082 04 - رقم تصنيف ديوى العشرى | |
| رقم الطبعة | 22 |
| رقم التصنيف | 323.4 |
| رقم المادة | ب ا ب |
| 100 1# - المدخل الرئيسى - إسم شخصى | |
| الإسم الشخصى | باييه، ألبير، |
| التواريخ المصاحبة للاسم | 1880-1961، |
| الدور | مؤلف. |
| 245 12 - بيان العنوان | |
| العنوان | التاريخ الفكري والسياسي للإعلان العالمي لحقوق الإنسان / |
| بيان المسئوليه,etc | تأليف ألبير باييه ؛ ترجمة محمد مندور. |
| 250 ## - بيان الطبعة | |
| بيان الطبعة | الطبعة الأولى. |
| 264 #1 - النشر، التوزيع | |
| مكان الناشر او الموزع | القاهرة : |
| اسم الناشر او الموزع | مركز الدراسات والمعلومات القانونية لحقوق الإنسان، |
| تاريخ النشر أو التوزيع | 1996. |
| 300 ## - الوصف المادى | |
| التعداد | 163 صفحة : |
| تفاصيل ماديه اخرى للوعاء | صور ؛ |
| أبعاد الوعاء | 20 سم |
| 336 ## - نوع المحتوى | |
| source | rdacontent |
| Carrier Type Term | نص |
| Content Type Code | txt |
| 337 ## - نوع الوسيط | |
| source | rdamedia |
| Media Type Term | بدون وسيط |
| Media Type Code | n |
| 338 ## - نوع الحامل أو الناقل | |
| source | rdacarrier |
| Carrier Type Term | مجلد |
| Carrier Type Code | nc |
| 504 ## - تبصرة ببليوجرافية | |
| تبصرة ببليوجرافية,الخ | يشتمل على إرجاعات ببليوجرافية. |
| 541 ## - تبصرة المصدر المباشر للتزويد | |
| مصدر التزويد | .Book from store. |
| 546 ## - تبصرة اللغة | |
| تبصرة اللغة | النص باللغة العربية وتم ترجمته من اللغة الإنجليزية. |
| 650 #7 - المدخل الاضافى بالموضوع-مصطلح موضوعى | |
| مصطلح موضوعي أو اسم جغرافي كعنصر مدخل | حقوق الإنسان. |
| مصدر الرأس أو المصطلح | BUEsh |
| 653 ## - مصطلح تكشيفى غير مقيد | |
| Resource For college | BAEPS, Political Science |
| Arrived date list | November2022 |
| 655 ## - مصطلح تكشيفى-نوع/شكل | |
| التقسيم الفرعي الشكلي | Reading book |
| 700 1# - المدخل الاضافى - اسم شخصى | |
| الإسم الشخصى | مندور، محمد، |
| التواريخ المصاحبة للاسم | 1907-1965، |
| الدور | مترجم. |
| 942 ## - عناصر المدخل الإضافي( كوها) | |
| مصدر التصنيف او مخطط الترفيف | Dewey Decimal Classification |
| حالة التراجع | حالة الفقد | مصدر التصنيف او خطة الترفيف | حالة تلف | ليس للاعارة | مجموعات كوها | المكان الدائم | المكان الحالي | موقع الترفيف | تاريخ الاكتساب | Source of acquisition | رقم الاستدعاء | الباركود | Date last seen | نوع الوعاء |
|---|---|---|---|---|---|---|---|---|---|---|---|---|---|---|
| Dewey Decimal Classification | Donation-Gift | Central Library | Central Library | First floor | 24/11/2022 | Donation | 323.4 ب ا ب | 000056534 | 15/07/2025 | Book - Borrowing |